Estatísticas para Nomes mais populares em Portugal (2019)

Clique aqui para jogar o quiz

Estatísticas Gerais

  • Esse quiz foi jogado 49 vezes
    (19 desde o último reset)
  • A pontuação média é 16 de 30

Estatísticas das Respostas

Nº de registosResposta% Correto
5198Maria
100%
1544João
89%
1064Carolina
68%
1618Francisco
68%
794Mariana
68%
782Ana
63%
974Beatriz
63%
1159Miguel
63%
1132Tomás
63%
774Francisca
58%
1208Gabriel
58%
1451Leonor
58%
1374Matilde
58%
728Clara
53%
928Guilherme
53%
726Margarida
53%
1391Santiago
53%
1046Vicente
53%
681Inês
47%
1063Martim
47%
1227Afonso
42%
915Alice
42%
649Lara
42%
1143Rodrigo
42%
896Benedita
37%
1197Duarte
37%
915Lucas
37%
879Salvador
37%
715Sofia
37%
1188Lourenço
26%

Distribuição das Pontuações

Percentil de Números Respondidos

Porcentagem de Pessoas com Cada Pontuação

Sua Pontuação Histórica

Você não jogou esse quiz desde o último reset